| 000 | 01169nam a2200337 a 4500 | ||
|---|---|---|---|
| 999 |
_c7473 _d7473 |
||
| 001 | 991033844389706706 | ||
| 003 | OSt | ||
| 005 | 20211201125745.0 | ||
| 008 | 050715s2005 spco || 000 ||cat | ||
| 015 |
_aLL2005 _2bnc |
||
| 017 |
_aDL B. 22938-1998 _bBiblioteca de Catalunya |
||
| 035 | _a(ES-BaCBU)b33621081-34csuc_network | ||
| 035 | _a(ES-BaCBU).b33621081 | ||
| 035 | _a(ccuc001)b33621081 | ||
| 040 |
_aES-BaBC _bcat _cCDMR |
||
| 080 | _a070:355.1 | ||
| 100 | 1 | _aPozo, Alejandro. | |
| 245 | 1 | 4 |
_aLes Guerres de la tele : _bels mitjans de comunicació en la construcció d'una cultura de la pau / _cAlejandro Pozo |
| 260 |
_aBarcelona : _bJustícia i Pau, _c2005 |
||
| 300 |
_a15 p. : _bil. ; _c30 cm |
||
| 490 | 1 |
_aQuaderns per a la solidaritat ; _v21 |
|
| 504 | _aReferències bibliogràfiques | ||
| 650 | 0 |
_aGuerra _94235 _xCobertura periodística |
|
| 650 | 0 |
_aGuerra en els mitjans de comunicació de massa _94748 |
|
| 710 | 2 | _aJustícia i Pau. | |
| 830 | 0 |
_aQuaderns per a la solidaritat ; _v21 |
|
| 907 |
_a.b33621081 _b15-02-21 _c09-05-08 _d07-05-08 _em _fa _g- _hcat _ispc _j4 _k2 |
||
| 908 |
_aBC _aRS _aUAB |
||
| 940 | _aBC | ||
| 942 |
_2udc _cFULLET |
||